Pays à partir de 4 émojis - Statistiques

Statistiques générales
  • Ce quiz a été pris 416 fois
  • Le résultat moyen est 12 sur 13
Statistiques - réponses
Hint Réponse % Correct
🥖🍷🗼👗 France
100%
🗽🍔🎬🏉 États Unis
99%
🍕🍝🛵🎭 Italie
99%
🍣🗾🎎⛩️ Japon
99%
🌶️🎉🪇🌮 Mexique
97%
🍵💂🎡🚕 Royaume uni
97%
🍁🦌🏒🌲 Canada
96%
🐉🐲🍚🏮 Chine
96%
⚽️🌴🎶🥥 Brésil
95%
💃🍷🐂🎨 Espagne
92%
🍺🥨🎶🏰 Allemagne
91%
🛕🕌🎨🥘 Inde
83%
❄️🪆⛪️🎻 Russie
83%
Aucun quiz correspondant
Distribution des résultats
% des personnes avec chaque résultat
Percentile par nombre de réponses
Votre historique - résultats
Vous n’avez pas pris ce quiz